Normal view
MARC view
- Hanif,Muhammad Usman
Entry Personal Name
001 - CONTROL NUMBER
- control field: 5631
003 - CONTROL NUMBER IDENTIFIER
- control field: NUST
005 - DATE AND TIME OF LATEST TRANSACTION
- control field: 20171025114736.0
008 - FIXED-LENGTH DATA ELEMENTS
- fixed length control field: 171025|| aca||aabn | a|a d
040 ## - CATALOGING SOURCE
- Original cataloging agency: NUST
- Transcribing agency: NUST
100 ## - HEADING--PERSONAL NAME
- Personal name: Hanif,Muhammad Usman
670 ## - SOURCE DATA FOUND
- Source citation: Work cat.: (NUST)233461: Hanif,Muhammad Usman, An Integrated Study for Waste to Energy Using Anaerobic Co-digestion and Pyrolysis from Various Biomass Resources, 2016.
